000 00325nam a2200133Ia 4500
005 20260328101514.0
008 260328s9999||||xx |||||||||||||| ||und||
100 _aFernández Buey, F.
245 0 _aConstructivismo /
_cF. Fernández Buey
260 _bAlberto Corazón
300 _a374 p.
650 _aHISTORIA
942 _cBK
999 _c9289
_d9289